Historie a současný stav práce s genofondy v ČR : sborník referátů ze semináře konaného 11. listopadu 2001 ve VÚRV, pracoviště Olomouc /

Další autoři: Faberová, Iva, 1950-
Jazyk: Čeština
Vydáno: Praha : Výzkumný ústav rostlinné výroby, c2002
Edice: Genetické zdroje
Témata:
Fyzický popis: 86 s. : il. ; 21 cm
Knihy
Uloženo v:
LEADER 01478nam a2200397 a 4500
001 000629480
003 CZ BrMZK
005 20120309084429.0
007 ta
008 021011s2002 xr f cze d
015 |a cnb001178065 
020 |a 80-86555-14-3 
035 |a (OCoLC)53271406 
040 |a BOA001  |b cze 
043 |a e-xr--- 
045 |a x5y0 
072 7 |a 633  |x Rostlinná výroba  |2 Konspekt  |9 24 
080 |a 575.113  |2 MRF 
080 |a 633  |2 MRF 
080 |a (437.3)  |2 MRF 
080 |a (062.534)  |2 MRF 
245 0 0 |a Historie a současný stav práce s genofondy v ČR :  |b sborník referátů ze semináře konaného 11. listopadu 2001 ve VÚRV, pracoviště Olomouc /  |c [redakce: Iva Faberová] 
246 3 3 |a Sborník referátů ze semináře Historie a současný stav práce s genofondy v ČR 
260 |a Praha :  |b Výzkumný ústav rostlinné výroby,  |c c2002 
300 |a 86 s. :  |b il. ;  |c 21 cm 
490 1 |a Genetické zdroje ;  |v č. 86 
504 |a Obsahuje bibliografie 
650 0 7 |a genofondy  |7 ph120496  |x dějiny  |2 czenas 
650 0 7 |a rostlinná výroba  |7 ph116065  |z Česko  |2 czenas 
650 0 7 |a zemědělské plodiny  |7 ph116763  |z Česko  |2 czenas 
655 7 |a sborníky konferencí  |7 fd133333  |2 czenas 
700 1 |a Faberová, Iva,  |d 1950-  |7 mzk2005304417  |4 edt 
830 0 |a Genetické zdroje 
910 |a BOA001  |b 2-1107.823 
990 |a BK 
996 6 |b 2610172577  |c 2-1107.823  |l MZK  |r Sklad / do 1 hodiny  |n 0  |p p.v.  |w 000629480  |u 000010  |a 1  |e BOA001  |j MZK50  |s P